000 00506nam a2200193Ia 4500
005 20250326141954.0
008 250326s9999 xx 000 0 und d
037 _aTextbook
040 _aFMSL
_beng
_cFMSL
041 _aeng
_2eng
084 _qFMSL
100 _aLaxmi Narain
245 0 _aPrinciples and practice of public enterprise management
_cLaxmi Narain
250 _a3
260 _aNew Delhi
_bNew Delhi, S. Chand
_c1988
300 _a539p
942 _cTB
999 _c1292854
_d1292854